000 00644nam a22001817a 4500
003 UA-OsUOA
001 19145
007 ta
008 20040718b un ||||| |||| 00| 0 ukr d
100 _aСавчук М.
942 _cSA
040 _aUA-OsUOA
_cUA-OsUOA
_dUA-OsUOA
245 _aНе кажіть театру "прощавай"
_b[Бесіда з керівником літ.-драм. частини Рівнен. обл. муз.-драм. театру М.Савчуком]
300 _aС.13
955 _a0
773 0 _w0
_tСім днів
_dРівне
_d2004
_g№28/9 лип./
650 7 _aКраєзнавча робота
_2UDC
999 _c305316
_d305316